UM Logo

A tale of two islands/ (Record no. 6255)

MARC details
000 -LEADER
fixed length control field 00484nam a2200145 4500
008 - FIXED-LENGTH DATA ELEMENTS--GENERAL INFORMATION
fixed length control field 170218b xxu||||| |||| 00| 0 eng d
082 ## - DEWEY DECIMAL CLASSIFICATION NUMBER
Classification number DPer 910.5 T69 Jan-Aug 2015 v. 1-4
100 ## - MAIN ENTRY--PERSONAL NAME
9 (RLIN) 18848
Personal name Cartagena, Angelo Ramirez
245 ## - TITLE STATEMENT
Title A tale of two islands/
Statement of responsibility, etc. Angelo Ramirez Cartagena.
260 ## - PUBLICATION, DISTRIBUTION, ETC. (IMPRINT)
Place of publication, distribution, etc. Philippines:
Name of publisher, distributor, etc. One Mega Group,
Date of publication, distribution, etc. ©2015.
300 ## - PHYSICAL DESCRIPTION
Extent v3, page 14:
Other physical details illustrations;
Dimensions 28 cm.
500 ## - GENERAL NOTE
General note Travel Now.
650 #0 - SUBJECT ADDED ENTRY--TOPICAL TERM
9 (RLIN) 18849
Topical term or geographic name as entry element Tourist trade
Geographic subdivision Bohol
942 ## - ADDED ENTRY ELEMENTS (KOHA)
Source of classification or shelving scheme Dewey Decimal Classification
Koha item type Periodicals
Holdings
Withdrawn status Lost status Source of classification or shelving scheme Damaged status Not for loan Collection code Home library Current library Date acquired Total Checkouts Full call number Date last seen Price effective from Koha item type Public note
    Dewey Decimal Classification     Periodicals UM Digos College - LIC UM Digos College - LIC 02/18/2017   DPer 910.5 T69 Jan-Aug 2015 v. 1-4 02/18/2017 02/18/2017 Periodicals Periodical article